LIBRARY & INFORMATION CENTRE, KCAET, TAVANUR

ONLINE PUBLIC ACCESS CATALOGUE (OPAC)

Mechanics of structures, Vol.1 / (Record no. 120)

MARC details
000 -LEADER
fixed length control field 00366cam a2200145ua 4500
003 - CONTROL NUMBER IDENTIFIER
control field OSt
008 - FIXED-LENGTH DATA ELEMENTS--GENERAL INFORMATION
fixed length control field 250512b |||||||| |||| 00| 0 eng d
082 ## - DEWEY DECIMAL CLASSIFICATION NUMBER
Classification number 624.171
Item number JUN/ME
100 ## - MAIN ENTRY--AUTHOR NAME
Personal name Junnarkar, S. B.
245 ## - TITLE STATEMENT
Title Mechanics of structures, Vol.1 /
250 ## - EDITION STATEMENT
Edition statement 5 /
260 ## - PUBLICATION, DISTRIBUTION, ETC. (IMPRINT)
Place of publication Mumbai :
Name of publisher Vivek Publishers Pvt Ltd ,
Year of publication 1966.
300 ## - PHYSICAL DESCRIPTION
Number of Pages 546 ; .
942 ## - ADDED ENTRY ELEMENTS (KOHA)
Koha item type Books
Holdings
Withdrawn status Lost status Damaged status Home library Current library Date acquired Full call number Accession Number Koha item type Collection code Shelving location
Withdrawn     KAUAET KAUAET 07/04/2012 624.171 11338 Books    
      KAUAET KAUAET 07/04/2012 624.171 JUN/ME 11343 Books    
      KAUAET KAUAET 07/04/2012 624.171 JUN/ME 12234 Books    
      KAUAET KAUAET 07/04/2012 624.171 JUN/ME 11339 Books    
      KAUAET KAUAET 07/04/2012 624.171 JUN/ME 11306 Books    
      KAUAET KAUAET 07/04/2012 624.171 JUN/ME 21404 Books    
      KAUAET KAUAET 03/05/2012 624.171 JUN/ME 11345 Books Non-fiction General Stacks
free website counter